• 首页
  • 本馆介绍
  • 公告通知
  • 最新文献
  • 馆藏检索
  • 电子资源
  • 读者导购
  • 参考咨询
  • 我的图书馆
  • 登录
  • 详细信息显示
  • 放入我的书架
  • 预约/预借图书
  • 作者相关作品
  • 分类相关作品
  • 丛书相关作品
  • 出版社相关作品

书目信息

  • 表格格式
  • 工作单格式
  • 卡片格式
题名:
物权法领域公私法接轨问题研究
    
 
作者: 徐涤宇 著
分册:  
出版信息: 北京   北京大学出版社  2016
页数: 207页
开本: 23cm
丛书名: 罗马法与共同法文库·文丛
单 册:
中图分类: D923.24
科图分类:
主题词: 物权法--wu quan fa--研究--中国
电子资源:
ISBN: 978-7-301-27324-1
000 01234nam0 22002891 450
001 1738587104
005 20170627164605.0
010    @a978-7-301-27324-1@dCNY35.00
100    @a20160920d2016 em y0chiy50 ea
101 0  @achi
102    @aCN@b110000
105    @ay z 000yy
106    @ar
200 1  @a物权法领域公私法接轨问题研究@9wu quan fa ling yu gong si fa jie gui wen ti yan jiu@dOn the integration of public law and private law in the real right law@f徐涤宇[等]著@zeng
210    @a北京@c北京大学出版社@d2016
215    @a207页@d23cm
225 2  @a罗马法与共同法文库·文丛@9luo ma fa yu gong tong fa wen ku wen cong@f徐涤宇主编
300    @a司法部国家法治与法学理论研究项目结项成果
304    @a著者还有:胡东海、熊剑波、张晓勇
330    @a本书共八章,内容包括:公私法接轨视角下的物权立法、物权法公私法接轨正当性基础、物权法公私法接轨的法律技术、公私法接轨视角下的所有权制度等。
461  0 @12001 @a罗马法与共同法文库·文丛
510 1  @aOn the integration of public law and private law in the real right law@zeng
606 0  @a物权法@9wu quan fa@x研究@y中国
690    @aD923.24@v5
701  0 @a徐涤宇@9xu di yu@f(1970.7~)@4著
801  0 @aCN@bTANGWEI@c20170621
905    @b1015393-8@dD923.24@e1570@f6
    
    物权法领域公私法接轨问题研究=On the integration of public law and private law in the real right law/徐涤宇[等]著.-北京:北京大学出版社,2016
    207页;23cm.-(罗马法与共同法文库·文丛/徐涤宇主编)
    司法部国家法治与法学理论研究项目结项成果
    
    ISBN 978-7-301-27324-1:CNY35.00
    本书共八章,内容包括:公私法接轨视角下的物权立法、物权法公私法接轨正当性基础、物权法公私法接轨的法律技术、公私法接轨视角下的所有权制度等。
●
相关链接 在E读中查询图书 在五车中查询图书 在当当中查询图书 在豆瓣中查询图书


正题名:物权法领域公私法接轨问题研究     索取号:D923.24/1570         预约/预借

序号 登录号 条形码 馆藏地/架位号 状态 备注
1 1015393   210153938   第一样本阅览室/ [索取号:D923.24/1570] 在馆    
2 1015394   210153947   教育系资料室/ [索取号:D923.24/1570] 在馆    
3 1015395   210153956   教育系资料室/ [索取号:D923.24/1570] 在馆    
4 1015396   210153965   教育系资料室/ [索取号:D923.24/1570] 在馆    
5 1015397   210153974   第一借阅区/ [索取号:D923.24/1570] 在馆    
6 1015398   210153983   第一借阅区/ [索取号:D923.24/1570] 在馆    
唐山师范学院图书馆 欢迎您!
大连网信软件有限公司© 版权所有